000 02837nam a22004097a 4500
005 20120511122038.0
008 101206t xxu||||| |||| 00| 0 hin d
010 _aHIN-93199 B-466908-916
020 _c395.00
_a9789380458236
035 _aHN-65545 B-466908-916
037 _bDBAD/PUB
037 _bएलाइड पब्लिशर्स
040 _aDPL
_bHN
082 _a827
100 _924598
_aसुशील सिद्धार्थ
245 _aनारद की चिन्ता /
_cसुशील सिद्धार्थ
246 _aNarad ki chinta
_bby Sushil Siddharth
260 _aनई दिल्ली
_bसामयिक बुक्स
_c2011
270 _bनई दिल्ली
_a3320-21, जटवाड़ा, दरियागंज,एन.एस.मार्ग
_e110002
300 _a272पृ.
_c22सेमी (सजिल्द)
650 _91169
_aहिन्दी व्यंग्य
650 _929580
700 _924599
700 _924924
942 _2ddc
_cHN
_mसुशील
_h827
999 _c53900
_d53900